Countries With More Than One Official Language - Statistics

General Stats
  • This quiz has been taken 721 times
    541 since last reset
  • The average score is 24 of 54
Answer Stats
Official Languages Country % Correct
Afrikaans, Xhosa, Zulu... South Africa
85%
English, Hindi India
84%
French, German... Switzerland
78%
English, French Canada
71%
Dutch, French, German Belgium
67%
Arabic, Berber Morocco
62%
English, Urdu Pakistan
62%
Arabic, Berber Algeria
60%
Finnish, Swedish Finland
56%
English, Swahili Kenya
56%
English, Maori... New Zealand
56%
Dari, Pashto Afghanistan
55%
Spanish, Quechua.... Bolivia
54%
English, Tok Pisin... Papua New Guinea
53%
Kazakh, Russian Kazakhstan
52%
English, Malay... Singapore
52%
English, Irish Ireland
50%
Arabic, Kurdish Iraq
46%
French, Luxembourgish... Luxembourg
46%
Arabic, Somali Somalia
45%
Belarusian, Russian Belarus
44%
English, Filipino Philippines
44%
Greek, Turkish Cyprus
42%
Sinhalese, Tamil Sri Lanka
42%
English, Swahili Uganda
42%
Shona, Xhosa... Zimbabwe
42%
English, Fijian, Fiji Hindi Fiji
41%
Kyrgyz, Russian Kyrgyzstan
41%
Arabic, English Sudan
41%
French, Swahili... Rwanda
39%
English, Tongan Tonga
39%
French, Haitian Creole Haiti
38%
Guarani, Spanish Paraguay
38%
English, Samoan Samoa
38%
English, Tuvaluan Tuvalu
37%
Bislama, English, French Vanuatu
37%
English, French, Kirkundi Burundi
36%
French, Sango Central African Republic
36%
French, Malagasy Madagascar
36%
Norwegian, Sami Norway
36%
English, Palauan Palau
36%
English, Gilbertese Kiribati
35%
English, Marshallese Marshall Islands
35%
Arabic, French Chad
34%
English, Swazi Eswatini
34%
English, Sesotho Lesotho
34%
English, French Cameroon
32%
Arabic, Comorian, French Comoros
31%
French, Seychellios... Seychelles
31%
English, Maltese Malta
28%
French, Spanish... Equatorial Guinea
27%
Arabic, French Djibouti
25%
Portuguese, Tetum East Timor
23%
Albanian, Serbian Kosovo
21%
No matching quizzes found
Score Distribution
Percent of People with Each Score
Percentile by Number Answered
Your Score History
You have not taken this quiz since the last reset